000 01144cam a2200325 a 4500
999 _c2487
_d2487
001 .b26256149
003 OSt
005 20230612095810.0
008 050302s2006 nyua b 000 1 eng
010 _a2005042923
020 _a9780312550189
040 _aDLC
_cDLC
_dDLC
_dKH8
042 _anbic
082 0 _a813.6 RAV
100 1 _aRaven, Margot Theis.
_eauthor
245 1 0 _aNight boat to freedom /
_cMargot Theis Raven ; pictures by E.B. Lewis.
250 _a1st ed.
260 _aNew York :
_bFarrar, Straus and Giroux,
_c2008, c2006.
300 _a1v. ;
_c28 cm.
500 _a"Melanie Kroupa Books."
520 _aAt the request of his fellow slave Granny Judith, Christmas John risks his life to take runaways across a river from Kentucky to Ohio. Based on slave narratives recorded in the 1930s.
650 1 _aFugitive slaves
_vFiction.
650 1 _aSlavery
_vFiction.
650 1 _aUnderground Railroad
_vFiction.
650 1 _aAfrican Americans
_vFiction.
651 1 _aKentucky
_xHistory
_y1792-1865
_vFiction.
651 1 _aOhio
_xHistory
_y1787-1865
_vFiction.
700 1 _aLewis, Earl B.,
_eill.
942 _2ddc
_cNFIC